000 00287nam a2200121Ia 4500
008 140130s9999 xx 000 0 und d
245 _cMyers, Walter Dean
_aFallen angels
260 _bScholastic,
_c1988
440 _v1
521 _aGrade 3 - Grade 4
942 _cBK
999 _c40859
_d40859